The Atkinson commentary of the Bible: (Record no. 6486)

MARC details
000 -LEADER
fixed length control field 00521nam a22001697a 4500
003 - CONTROL NUMBER IDENTIFIER
control field GBCCL
005 - DATE AND TIME OF LATEST TRANSACTION
control field 20241126110604.0
008 - FIXED-LENGTH DATA ELEMENTS--GENERAL INFORMATION
fixed length control field 180516b ||||| |||| 00| 0 eng d
040 ## - CATALOGING SOURCE
Transcribing agency gbc
082 ## - DEWEY DECIMAL CLASSIFICATION NUMBER
Classification number 224.407
Item number ATK
100 ## - MAIN ENTRY--PERSONAL NAME
Personal name Atkinson, Basil F. C.
9 (RLIN) 11613
245 ## - TITLE STATEMENT
Title The Atkinson commentary of the Bible:
Remainder of title Eleven chapters from Ezekiel /
Statement of responsibility, etc. Basil F. C. Atkinson
260 ## - PUBLICATION, DISTRIBUTION, ETC.
Name of publisher, distributor, etc. Revival Literature,
Place of publication, distribution, etc. Lansdale:
Date of publication, distribution, etc. c1971
300 ## - PHYSICAL DESCRIPTION
Extent 146 p.;
Dimensions 20 cm.
650 ## - SUBJECT ADDED ENTRY--TOPICAL TERM
Topical term or geographic name entry element Bible
Form subdivision Ezekiel
General subdivision Commentaries
9 (RLIN) 11614
942 ## - ADDED ENTRY ELEMENTS (KOHA)
Source of classification or shelving scheme Dewey Decimal Classification
Koha item type Books
Koha issues (borrowed), all copies 4
Holdings
Withdrawn status Lost status Source of classification or shelving scheme Damaged status Not for loan Home library Current Library Shelving location Date acquired Total checkouts Total renewals Full call number Barcode Date last seen Date last checked out Copy number Price effective from Koha item type
    Dewey Decimal Classification     GRACE BIBLE COLLEGE GRACE BIBLE COLLEGE Biblical Studies 2018-05-16 4 1 224.407 ATK 006558 2025-05-01 2022-08-29 c.1 2018-05-16 Books
© Grace Bible College Library 2025